000 00429nam a2200121Ia 4500
008 220901s9999||||xx |||||||||||||| ||und||
082 _a621.3822 INT
100 _aInternational Research Publication House
_913600
245 0 _aInternational Journal of electronic & communication engineering
250 _aVol. 3 Issue No. 1-2 & 3
260 _bInternational Research Publication House
_c2010
650 _aCommunication engineering
999 _c193603
_d193603